LDR 00916naa#a2200193#i#450# 001 RU\\bibl\120271 005 20260416171229.4 011 ## _a1819-4036 100 ## _a20210331b2021####ek#y0rusy0150####ca 102 ## _aRU 200 1# _aРАЗРАБОТКА МЕТОДОВ СПЕЦИФИЧЕСКОЙ ДИАГНОСТИКИ НОДУЛЯРНОГО ДЕРМАТИТА С ПРИМЕНЕНИЕМ ДИАГНОСТИКУМА ОСПЫ ОВЕЦ _eЖурнальная статья 210 1# _aКрасноярск _cКрасноярский государственный аграрный университет _d2021 215 ## _a5 с. 608 ## _aЖурнальная статья _2local 675 ## _aВирусология. 578 _z 700 #1 _aНикитин _gЕвгений Борисович 700 #1 _aПроскурина _gЛюдмила Ивановна 700 #1 _aКулык _gИлья Игоревич 856 4# _avestnik.kgau.ru _u